Azjatycka diaspora - 10 najlepszych krajów - Statystyki

Ogólne statystyki
  • Ten quiz został rozwiązany 31 razy
  • Średni wynik to 8 z 10
Statystyki odpowiedzi
# % Państwo % Poprawnych
3,9 mln 4,7 Niemcy
100%
18 mln 5,6 Stany Zjednoczone
100%
4,2 mln 6,5 Wielka Brytania
96%
1,9 mln 8 Australia
89%
3,6 mln 10 Kanada
89%
2,3 mln 1,1 Brazylia
86%
2,5 mln 6 Argentyna
71%
1,7 mln 3,4 Kolumbia
61%
2,2 mln 7 Peru
46%
1,9 mln 6 Wenezuela
29%
Nie znaleziono quizów pasujących do podanych kryteriów
Rozkład punktacji
Procent ludzi z każdym wynikiem
Percentyl według liczby udzielonych odpowiedzi
Twoja historia wyników
Nie rozwiązałeś tego quizu